000 00910nam a2200253 i 4500
001 175532
003 ES-MaACL
005 20230906215838.0
007 t|
008 101104s1951 sp a r ||||1| spa d
080 _a392.12(460)
245 0 0 _aNacimientos
_b: exposición celebrada en el Museo Nacional de Artes Decorativas /
_cintroducción y notas de Pilar Ferrandis.
260 _aMadrid :
_bAfrodisio Aguado,
_cimp. 1951.
300 _a73, 51 p. de lám. bl. y n. :
_bil. bl. y n. ;
_c19 cm.
490 1 _aArtes decorativas en España ;
_v4
504 _aBibliografía: p. 73.
650 4 _aBelenes-
_zEspaña-
_xExposiciones.
_9143833
655 7 _2tgfbne
_9193628
_aCatálogos de exposiciones
700 0 _aFerrandis, Pilar.
_9143832
830 0 _aArtes decorativas en España ;
_v4
_9189805
852 _aES-MaACL
_jE-13429
_xOlim P-957
942 _2udc
999 _c175532
_d175532